Giáo trình hàn trong môi trường khí bảo vệ : M4 - 05

Giáo trình cung cấp cho học viên kiến thức nâng cao kỹ thuật hàn. Giáo trình chủ yếu giới thiệu đến học viên kỹ thuật hàn hồ quang trong môi trường khí bảo vệ.

Đã lưu trong:
書目詳細資料
主要作者: Phạm, Trọng Khu
格式: 圖書
語言:Undetermined
出版: Hà Nội Xây dựng 2008
主題:
標簽: 添加標簽
沒有標簽, 成為第一個標記此記錄!
Thư viện lưu trữ: Trung tâm Học liệu Trường Đại học Cần Thơ
LEADER 00933nam a2200217Ia 4500
001 CTU_168476
008 210402s9999 xx 000 0 und d
020 |c 22000 
082 |a 671.52 
082 |b Kh500 
100 |a Phạm, Trọng Khu 
245 0 |a Giáo trình hàn trong môi trường khí bảo vệ : 
245 0 |b M4 - 05 
245 0 |c Phạm Trọng Khu (Chủ biên) ; Trần Quang Long (Biên soạn) 
260 |a Hà Nội 
260 |b Xây dựng 
260 |c 2008 
520 |a Giáo trình cung cấp cho học viên kiến thức nâng cao kỹ thuật hàn. Giáo trình chủ yếu giới thiệu đến học viên kỹ thuật hàn hồ quang trong môi trường khí bảo vệ. 
650 |a Metal-work,Welding,Gia công kim loại,Kỹ thuật hàn 
904 |i Bạch Trúc 
980 |a Trung tâm Học liệu Trường Đại học Cần Thơ